<?xml version="1.0" encoding="UTF-8"?>
<record
    xmlns:xsi="http://www.w3.org/2001/XMLSchema-instance"
    xsi:schemaLocation="http://www.loc.gov/MARC21/slim http://www.loc.gov/standards/marcxml/schema/MARC21slim.xsd"
    xmlns="http://www.loc.gov/MARC21/slim">

  <leader>01769nam a2200385Ia 4500</leader>
  <controlfield tag="003">3228</controlfield>
  <controlfield tag="005">20260422102544.0</controlfield>
  <controlfield tag="008">210817s9999    xx            000 0 und d</controlfield>
  <datafield tag="020" ind1=" " ind2=" ">
    <subfield code="a">9781919 876078</subfield>
    <subfield code="q">Paperback</subfield>
  </datafield>
  <datafield tag="040" ind1=" " ind2=" ">
    <subfield code="a">RDA</subfield>
    <subfield code="b">ENGLISH</subfield>
    <subfield code="c">3228</subfield>
  </datafield>
  <datafield tag="082" ind1=" " ind2=" ">
    <subfield code="a">398.2096 AFRI</subfield>
  </datafield>
  <datafield tag="100" ind1=" " ind2=" ">
    <subfield code="a"> KASCHULA, Russell H.   Claremont, South Africa, 2001  </subfield>
    <subfield code="9">33807</subfield>
    <subfield code="d">2001.</subfield>
    <subfield code="e">editor.</subfield>
  </datafield>
  <datafield tag="110" ind1=" " ind2=" ">
    <subfield code="9">185676</subfield>
    <subfield code="a">New Africa books</subfield>
  </datafield>
  <datafield tag="111" ind1=" " ind2=" ">
    <subfield code="9">178758</subfield>
    <subfield code="a">Bible Society of South Africa</subfield>
  </datafield>
  <datafield tag="245" ind1=" " ind2="0">
    <subfield code="a"> African oral literature: </subfield>
    <subfield code="b">functions in contemporary contexts /</subfield>
    <subfield code="c">editor. Russell H. Kaschula.</subfield>
  </datafield>
  <datafield tag="260" ind1=" " ind2=" ">
    <subfield code="a">Claremont, South Africa : </subfield>
    <subfield code="b">New Africa Books,</subfield>
    <subfield code="c"> 2001.</subfield>
  </datafield>
  <datafield tag="300" ind1=" " ind2=" ">
    <subfield code="a"> xxvi, 285 pages</subfield>
    <subfield code="b">Colour illustrations:</subfield>
    <subfield code="c">25 cm</subfield>
  </datafield>
  <datafield tag="500" ind1=" " ind2=" ">
    <subfield code="a">
"The chapters in this collection derive from a conference held at the Centre for African Studies, University of Cape Town, in October 1998 ... It was also at this 3rd International Conference on Oral Literature in Africa that the International Society for Oral Literature in Africa (ISOLA) was inaugurated"--Page vii.</subfield>
  </datafield>
  <datafield tag="504" ind1=" " ind2=" ">
    <subfield code="a">
Includes bibliographical references.</subfield>
  </datafield>
  <datafield tag="521" ind1=" " ind2=" ">
    <subfield code="a">Adult</subfield>
  </datafield>
  <datafield tag="600" ind1=" " ind2="0">
    <subfield code="9">33807</subfield>
    <subfield code="a"> KASCHULA, Russell H.   Claremont, South Africa, 2001 </subfield>
    <subfield code="d">2001.</subfield>
  </datafield>
  <datafield tag="610" ind1=" " ind2="0">
    <subfield code="9">185676</subfield>
    <subfield code="a">New Africa books</subfield>
  </datafield>
  <datafield tag="630" ind1=" " ind2="0">
    <subfield code="9">171739</subfield>
    <subfield code="a">African language literature series</subfield>
  </datafield>
  <datafield tag="650" ind1=" " ind2="0">
    <subfield code="9">192412</subfield>
    <subfield code="a">Oral communication</subfield>
  </datafield>
  <datafield tag="651" ind1=" " ind2="0">
    <subfield code="9">191368</subfield>
    <subfield code="a">South Africa</subfield>
  </datafield>
  <datafield tag="654" ind1=" " ind2=" ">
    <subfield code="9">192655</subfield>
    <subfield code="a">Folk literature</subfield>
  </datafield>
  <datafield tag="655" ind1=" " ind2="0">
    <subfield code="9">181974</subfield>
    <subfield code="a">Adult Non-Fiction</subfield>
  </datafield>
  <datafield tag="658" ind1=" " ind2=" ">
    <subfield code="9">184404</subfield>
    <subfield code="a">South African literature</subfield>
  </datafield>
  <datafield tag="662" ind1=" " ind2=" ">
    <subfield code="9">184032</subfield>
    <subfield code="a">Cape Town (South Africa)</subfield>
  </datafield>
  <datafield tag="690" ind1=" " ind2=" ">
    <subfield code="9">181177</subfield>
    <subfield code="a">Folklore</subfield>
  </datafield>
  <datafield tag="700" ind1=" " ind2=" ">
    <subfield code="9">179465</subfield>
    <subfield code="a">Russell H. Kaschula</subfield>
    <subfield code="d">2001.</subfield>
    <subfield code="e">editor.</subfield>
  </datafield>
  <datafield tag="710" ind1=" " ind2=" ">
    <subfield code="9">185676</subfield>
    <subfield code="a">New Africa books</subfield>
  </datafield>
  <datafield tag="711" ind1=" " ind2=" ">
    <subfield code="9">178758</subfield>
    <subfield code="a">Bible Society of South Africa</subfield>
  </datafield>
  <datafield tag="942" ind1=" " ind2=" ">
    <subfield code="c">BOOK</subfield>
    <subfield code="2">ddc</subfield>
    <subfield code="y">559</subfield>
    <subfield code="z">Nosiswe Mogale</subfield>
  </datafield>
  <datafield tag="999" ind1=" " ind2=" ">
    <subfield code="c">208892</subfield>
    <subfield code="d">208891</subfield>
  </datafield>
  <datafield tag="952" ind1=" " ind2=" ">
    <subfield code="0">0</subfield>
    <subfield code="1">0</subfield>
    <subfield code="4">0</subfield>
    <subfield code="7">0</subfield>
    <subfield code="a">SECL</subfield>
    <subfield code="b">SECL</subfield>
    <subfield code="d">2021-08-18</subfield>
    <subfield code="g">132.00</subfield>
    <subfield code="l">0</subfield>
    <subfield code="p">33228013880107</subfield>
    <subfield code="r">2021-08-18</subfield>
    <subfield code="w">2021-08-18</subfield>
    <subfield code="y">BK</subfield>
  </datafield>
  <datafield tag="952" ind1=" " ind2=" ">
    <subfield code="0">0</subfield>
    <subfield code="1">0</subfield>
    <subfield code="2">ddc</subfield>
    <subfield code="4">0</subfield>
    <subfield code="7">0</subfield>
    <subfield code="8">300</subfield>
    <subfield code="a">MKHUL</subfield>
    <subfield code="b">MKHUL</subfield>
    <subfield code="c">Non_Fiction</subfield>
    <subfield code="d">2026-04-22</subfield>
    <subfield code="l">0</subfield>
    <subfield code="o">398.2096 AFRI</subfield>
    <subfield code="p">33228 02145269 1</subfield>
    <subfield code="r">2026-04-22</subfield>
    <subfield code="w">2026-04-22</subfield>
    <subfield code="y">BOOK</subfield>
  </datafield>
</record>
